All foreign players Feyenoord - Statistics

General Stats
  • This quiz has been taken 46 times
    40 since last reset
  • The average score is 68 of 221
Answer Stats
Hint Answer % Correct
Igor Paixão
83%
Santiago Giménez
83%
Warner Hahn
79%
Ayase Ueda
75%
Dávid Hancko
75%
Gernot Trauner
75%
Graziano Pellè
75%
Yankuba Minteh
75%
Bonaventure Kalou
71%
Orkun Kökçü
71%
Salomon Kalou
71%
Henrik Larsson
67%
John Guidetti
67%
Jon Dahl Tomasson
67%
Marcus Pedersen
67%
Sam Larsson
67%
Jerzy Dudek
63%
Karim El Ahmadi
63%
Sebastian Szymański
63%
Angelos Charisteas
58%
Fredrik Aursnes
58%
Julio Ricardo Cruz
58%
Luis Sinisterra
58%
Luka Ivanušec
58%
Ramiz Zerrouki
58%
Shinji Ono
58%
Timon Wellenreuther
58%
Alireza Jahanbakhsh
54%
Brad Jones
54%
Chaly Jones
54%
Kostas Lamprou
54%
Leo Sauer
54%
Lucas Pratto
54%
Marcos López
54%
Marcos Senesi
54%
Willy Kreuz
54%
Christian Gyan
50%
Danilo
50%
Eric Botteghin
50%
Philippe Léonard
50%
Renato Tapia
50%
André Bahia
46%
Cyriel Dessers
46%
Daní Fernández
46%
Guyon Fernandez
46%
Nicolai Jørgensen
46%
Ofir Marciano
46%
Ove Kindvall
46%
Ridgeciano Haps
46%
Sofyan Amrabat
46%
Cole Bassett
42%
Colin Kâzim-Richards
42%
Ebi Smolarek
42%
João Carlos Teixeira
42%
Leonardo Dos Santos Silva
42%
Liam Kelly
42%
Ondřej Lingr
42%
Pablo Sánchez
42%
Róbert Boženík
42%
Sekou Cissé
42%
Włodzimierz Smolarek
42%
Alexander Östlund
38%
Chun-Soo Lee
38%
Danko Lazović
38%
Edgar Ié
38%
Emil Hansson
38%
Fedor Smolov
38%
Gill Swerts
38%
Hossam Ghaly
38%
József Kiprich
38%
Leonardo De Vitor Santiago
38%
Pär Hansson
38%
Patrik Wålemark
38%
Reiss Nelson
38%
Sherif Ekramy
38%
Stefan Babović
38%
Thomas Buffel
38%
Uroš Spajić
38%
Bart Goor
33%
Bilal Başaçıkoğlu
33%
Brett Emerton
33%
Cuco Martina
33%
Ezequiel Bullaude
33%
Fredrik Bjørkan
33%
Mike Obiku
33%
Mitchell Te Vrede
33%
Oğuzhan Özyakup
33%
Oussama Idrissi
33%
Simon Gustafson
33%
Stein Huysegems
33%
Yassin Ayoub
33%
Aliou Balde
29%
George Johnston
29%
Harmeet Singh
29%
Johan Elmander
29%
Joris Delle
29%
Kamohelo Mokotjo
29%
Kermit Erasmus
29%
Luke Wilkshire
29%
Ryo Miyaichi
29%
Sebastian Pardo
29%
Darley
25%
David Connolly
25%
Diego Biseswar
25%
Gábor Babos
25%
Geoffrey Claeys
25%
Igor Korneev
25%
Jacob Rasmussen
25%
Jerson Cabral
25%
Joonas Kolkka
25%
Jørgen Kristensen
25%
Krisztián Simon
25%
Michael Lumb
25%
Mo El Hankouri
25%
Naoufal Bannis
25%
Nuri Şahin
25%
Omar Elabdellaoui
25%
Patrick Allotey
25%
Pieter Collen
25%
Søren Larsen
25%
Timothy Derijck
25%
Tomasz Iwan
25%
Ali Boussaboun
21%
Arnar Gunnlaugsson
21%
Benjamin De Ceulaer
21%
Bjarki Gunnlaugsson
21%
Bruno Basto
21%
Bulayima Mukuayanzo
21%
Christian Conteh
21%
Cory Gibbs
21%
Elber Evora
21%
Franco Antonucci
21%
Georgi Demetradze
21%
Gerson Magrão
21%
Ivan Nielsen
21%
Jhon Van Beukering
21%
John Eriksen
21%
Jorge Acuña
21%
Karim Saïdi
21%
Kelvin Leerdam
21%
Mauricio Aros
21%
Michał Janota
21%
Michel Bastos
21%
Patricio Graff
21%
Radoslav Samardžić
21%
Somália
21%
Spasoje Samardžić
21%
Tininho
21%
Tomasz Rząsa
21%
Valentin Cojocaru
21%
Zbigniew Małkowski
21%
Aleksandar Ignjatović
17%
Aurelio Vidmar
17%
Chong-Gug Song
17%
Clyde Best
17%
David Manteiga
17%
David Mitchell
17%
Dermane Karim
17%
Fernando Picun
17%
Franz Hasil
17%
Glaucio
17%
Henryk Bolesta
17%
Jacob Lensky
17%
Jaromír Paciorek
17%
John Owoeri
17%
Jupp Kaczor
17%
Lars Elstrup
17%
Marian Damaschin
17%
Mark Farrington
17%
Matthias Maiwald
17%
Mohammed Abubakari
17%
Nana Asare
17%
Nigel Robertha
17%
Ovidiu Sabău
17%
Patrick Mtiliga
17%
Pétur Pétursson
17%
Robin Nelisse
17%
Samuel Armenteros
17%
Shabir Isoufi
17%
Stephen Laybutt
17%
Ajsel Kujovic
13%
Antal Róth
13%
Attila Ladinszky
13%
Denis Klyuev
13%
Geoff Wegerle
13%
Harry Bild
13%
Haytham Farouk
13%
Ivan Bandalovski
13%
Jan Sørensen
13%
Jean Carlos Dondé
13%
Johnny Jacobsen
13%
John Steen Olsen
13%
Jordan Opoku
13%
Kamil Miazek
13%
Mariano Bombarda
13%
Michael Brown
13%
Mladen Ramljak
13%
Raymond Victoria
13%
Roger Albertsen
13%
Stanislav Griga
13%
Steve Wegerle
13%
Tati Montoya
13%
Tommy Kristiansen
13%
Volkan Kahraman
13%
Abdul-Yakuni Iddi
8%
Andrey Zhelyazkov
8%
Antef Tsoungui
8%
Civard Sprockel
8%
Denilson
8%
Dwight Blackson
8%
Giovanni Franken
8%
Ilias Sebaoui
8%
Jajá Coelho
8%
Marek Saganowski
8%
Meshal Mubarak
8%
Paul Kpaka
8%
Rajko Kovačević
8%
Ray Fränkel
8%
Saïd Boutahar
8%
Wendel Fräser
8%
Lorenzo Davids
4%
No matching quizzes found
Score Distribution
Percent of People with Each Score
Percentile by Number Answered
Your Score History
You have not taken this quiz since the last reset